000 01569nam a2200277Ia 4500
999 _c55206
_d55206
001 22281
003 GE_BSU
005 20230223170849.0
008 181216s2016||||ge |||||||||||||| ||geo||
020 _a9789941468001
040 _cGE_BSU
041 _ageo
080 _a321.151უ-18
100 _aუგულავა, გიორგი
_915289
245 _aსახელმწიფოს მოწყობის ფორმები ანტიკური ეპოქის მხატვრულ ლიტერატურაში ჰომეროსიდან არისტოფანემდე /
_cგიორგი უგულავა ; რედაქტორი რისმაგ გორდეზიანი.
264 _aთბილისი :
_bლოგოსი,
_c2016.
300 _a367 გვ. ;
_c 21 სმ.
504 _aბიბლიოგრაფია გვ. : 348-361
541 _h10 ლ.
653 _aსახელმწიფოს მოწყობა
653 _aანტიკური ლიტერატურის ისტორია და კრიტიკა
653 _aსახელმწიფოს მოწყობის ფორმები ანტიკური ეპოქის მხატვრულ ლიტერატურაში
653 _aჰომეროსიდან არისტოფანემდე
700 _aგორდეზიანი, ისმაგ
_eრედაქტორი
_917017
942 _cBK
_2udc